000 00447nam a22001577a 4500
005 20240801091754.0
008 240801b |||||||| |||| 00| 0 eng d
041 _aEnglish
082 _a349 SOU
100 _lEnglish
245 _aSouth African Law Reports
260 _aCape Town:
_bJuta and Company Ltd,
_c1922-1923
300 _bxv, 510 pages;
_c25 cm.
650 _aLegal practice
_bLaw
942 _cBK
_6ALISON_BN_VRIES
999 _c2352
_d2352